000 00595nam a22001817a 4500
005 20140417153536.0
010 _aENG-109302
020 _a817254362x
_c140.00
035 _aEN-92835
037 _bDBAD/PUB
082 _a000
100 _aSubburaj, V.V.K.
245 _aSura's CISF (Central Industrial Security Force) constables (general duty) /
_cby V.V.K. Subburaj
260 _aChennai
_bSura College of Competition
_c2013
270 _a1620, 'J' Block, 16th Main Road, Anna Nagar
_bChennai
_e600040
300 _avaroius pagings
_c25cm(pbk)
942 _2ddc
_cEN
_mSUB
_h000
999 _c82530
_d82530